• 首页
  • 本馆介绍
  • 公告通知
  • 最新文献
  • 馆藏检索
  • 电子资源
  • 读者导购
  • 参考咨询
  • 我的图书馆
  • 登录
  • 详细信息显示
  • 放入我的书架
  • 预约/预借图书
  • 作者相关作品
  • 分类相关作品
  • 丛书相关作品
  • 出版社相关作品

书目信息

  • 表格格式
  • 工作单格式
  • 卡片格式
题名:
青少年近视眼防治手册
    
 
作者: 钟润先 编
分册:  
出版信息: 北京   人民卫生出版社  1982
页数: 82页
开本: 19cm
丛书名:
单 册:
中图分类: R778.1 , G479
科图分类:
主题词: 青少年-近视--防治--手册 , 近视-青少年--防治--手册
电子资源:
ISBN:
000 00723nam0 2200265 45
001 0182009784
005 20040424104049.5
010    @dCNY0.24
091    @a14048.4252
100    @a19950613d1982 emky0chiy0121 ea
101 0  @achi
102    @aCN@b110000
105    @ay z 000yy
106    @ar
200 10 @a青少年近视眼防治手册@Aqing shao nian jin shi yan fang zhi shou ce@f钟润先编
210    @a北京@c人民卫生出版社@d1982
215    @a82页@d19cm
606    @a青少年-近视@x防治@x手册
606    @a近视-青少年@x防治@x手册
690    @aR778.1@v3
690    @aG479
701  0 @a钟润先@Azhong run xian@4编
801  0 @aCN@b上海图书馆@c20040424
801  2 @aCN@bNLC@c20040424
905    @f2@b149725-726@dG479@e9
    
    青少年近视眼防治手册/钟润先编.-北京:人民卫生出版社,1982
    82页;19cm
    
    
    ISBN :CNY0.24
    
●
相关链接 在E读中查询图书 在五车中查询图书 在当当中查询图书 在豆瓣中查询图书


正题名:青少年近视眼防治手册     索取号:G479/9         预约/预借

序号 登录号 条形码 馆藏地/架位号 状态 备注
1 0149725   000460094   密集书库/ [索取号:G479/9] 在馆    
2 0149726   000460058   密集书库/ [索取号:G479/9] 在馆    
3 0149727   000459970   第一样本阅览室/ [索取号:G479/9] 在馆    
唐山师范学院图书馆 欢迎您!
大连网信软件有限公司© 版权所有